Bugcat Capoo Characters - Statistics

General Stats
  • This quiz has been taken 645 times
  • The average score is 3 of 9
Answer Stats
Picture Answer % Correct
Bugcat Capoo
100%
Panpan Dogdog
49%
Tutu
39%
Lala
33%
Mika
18%
Black Bugcat
15%
Black Bugcat's baby
15%
Foam Cat
12%
Yara
9%
No matching quizzes found
Score Distribution
Percent of People with Each Score
Percentile by Number Answered
Your Score History
You have not taken this quiz